| 000 | 00421nam a22001697a 4500 | ||
|---|---|---|---|
| 003 | CEME | ||
| 005 | 20210628204033.0 | ||
| 008 | 210105b xxu||||| |||| 00| 0 eng d | ||
| 020 | _a0444516166 | ||
| 040 | _cceme | ||
| 082 | _a621.381 BAO | ||
| 100 |
_aBao, Minibang _968373 |
||
| 245 | _aAnalysis and design principles of mems devices | ||
| 260 |
_aBOSTON _bELSEVIER _c2005 |
||
| 300 | _aXII, 312P | ||
| 942 |
_cBK _2ddc |
||
| 999 |
_c575969 _d575969 |
||